000
00320nam a22001337a 4500
008
210302b ||||| |||| 00| 0 eng d
020
_a
9780471216872
041
_a
eng
080
_2
9th
_a
330.101.541
100
_a
52
101
_a
MAKRO
245
_a
Fundamentals of Risk and Insurance
_c
Vaughan,J.E
942
_2
udc
_c
BK
999
_c
55508
_d
55508